000 00183 a2200097 4500
020 _a9780395816585
041 _aeng
100 _aShaw,Nancy
245 _aSheep take a hike
942 _cBK
999 _c8820
_d8820